<?xml version="1.0" encoding="UTF-8"?>
<record
    xmlns:xsi="http://www.w3.org/2001/XMLSchema-instance"
    xsi:schemaLocation="http://www.loc.gov/MARC21/slim http://www.loc.gov/standards/marcxml/schema/MARC21slim.xsd"
    xmlns="http://www.loc.gov/MARC21/slim">

  <leader>01169    a2200169   4500</leader>
  <controlfield tag="001">122626</controlfield>
  <datafield tag="020" ind1=" " ind2=" ">
    <subfield code="a">978-8589617437</subfield>
  </datafield>
  <datafield tag="040" ind1=" " ind2=" ">
    <subfield code="c">Escola Canadense de Niteroi</subfield>
  </datafield>
  <datafield tag="090" ind1=" " ind2=" ">
    <subfield code="a">BAR</subfield>
  </datafield>
  <datafield tag="100" ind1=" " ind2=" ">
    <subfield code="a">Barros, Deborah</subfield>
  </datafield>
  <datafield tag="245" ind1="1" ind2="0">
    <subfield code="a">Deu Bicho nas Cantigas</subfield>
  </datafield>
  <datafield tag="260" ind1=" " ind2=" ">
    <subfield code="a">Rio de Janeiro</subfield>
  </datafield>
  <datafield tag="300" ind1=" " ind2=" ">
    <subfield code="c">4 x 15.8 x 0.8 cm - 32 p.</subfield>
  </datafield>
  <datafield tag="362" ind1="0" ind2=" ">
    <subfield code="a">2011</subfield>
  </datafield>
  <datafield tag="520" ind1=" " ind2=" ">
    <subfield code="a">Este livro nasceu em uma sala de aula. Cen&#xE1;rio onde a fonoaudi&#xF3;loga e educadora Deborah Barros realiza anualmente o feito de ensinar aos seus alunos do ciclo de Educa&#xE7;&#xE3;o Infantil do Col&#xE9;gio Cruzeiro tudo sobre os animais. Na busca por um aprendizado mais l&#xFA;dico e divertido, Deborah teve a id&#xE9;ia de musicar o conte&#xFA;do das pesquisas dos pequenos. Para tanto, utilizou as melodias das cantigas infantis que eles sabiam de c&#xF3;r! O sucesso foi t&#xE3;o grande, que as cantigas ultrapassaram os muros da escola, ganharam o mundo e agora chegam &#xE0;s p&#xE1;ginas do livro. Desejo que esse livro seja apenas o ponto de partida para uma conversa, uma aula, uma visita ao zool&#xF3;gico... E assim, enriquecer o repert&#xF3;rio de conhecimentos desses mi&#xFA;dos, que cada vez mais tem sede de saber&#x201D;, diz a Deborah.</subfield>
  </datafield>
  <datafield tag="942" ind1=" " ind2=" ">
    <subfield code="c">BK</subfield>
  </datafield>
  <datafield tag="952" ind1=" " ind2=" ">
    <subfield code="0">0</subfield>
    <subfield code="1">0</subfield>
    <subfield code="4">0</subfield>
    <subfield code="7">0</subfield>
    <subfield code="a">80.1</subfield>
    <subfield code="b">80.1</subfield>
    <subfield code="d">2024-02-09</subfield>
    <subfield code="l">1</subfield>
    <subfield code="o">BAR</subfield>
    <subfield code="p">A26078</subfield>
    <subfield code="r">2024-03-20 16:16:41</subfield>
    <subfield code="s">2024-03-14</subfield>
    <subfield code="w">2024-02-09</subfield>
    <subfield code="y">BK</subfield>
  </datafield>
  <datafield tag="999" ind1=" " ind2=" ">
    <subfield code="c">122626</subfield>
    <subfield code="d">122626</subfield>
  </datafield>
</record>
